Italy - Sweden UEFA Euro 2016 - Statistics

General Stats
  • This quiz has been taken 74 times
  • The average score is 15 of 30
Answer Stats
Answer % Correct
Gianluigi Buffon
95%
Giorgio Chiellini
93%
Zlatan Ibrahimović
93%
Leonardo Bonucci
85%
Andrea Barzagli
70%
Graziano Pellè
67%
Marcus Berg
67%
Daniele De Rossi
66%
Éder ¹
64%
Antonio Conte
59%
Emil Forsberg
54%
Sebastian Larsson
52%
Andreas Granqvist
49%
Andreas Isaksson
48%
Antonio Candreva
44%
Victor Lindelöf
44%
Alessandro Florenzi
43%
Emanuele Giaccherini
43%
Martin Olsson
43%
John Guidetti
36%
Marco Parolo
36%
Thiago Motta
36%
Kim Källström
34%
Albin Ekdal
33%
Simone Zaza
33%
Jimmy Durmaz
25%
Erik Hamrén
21%
Erik Johansson
21%
Stefano Sturaro
15%
Oscar Lewicki
11%
No matching quizzes found
Score Distribution
Percent of People with Each Score
Percentile by Number Answered
Your Score History
You have not taken this quiz